Statistics for NBA Sportsmanship Award Winners

Click here to take the quiz!

General Stats

  • This quiz has been taken 28 times
  • The average score is 6 of 21

Answer Stats

Player% Correct
Jrue Holiday
63%
Mike Conley
54%
Kemba Walker
50%
Stephen Curry
46%
David Robinson
42%
Jason Kidd
38%
Patty Mills
38%
Ray Allen
38%
Kyle Korver
33%
Avery Johnson
25%
Joe Dumars
21%
Steve Smith
21%
Elton Brand
17%
Grant Hill
17%
Vince Carter
17%
Chauncey Billups
13%
Eric Snow
8%
Luol Deng
8%
P. J. Brown
8%
Hersey Hawkins
4%
Terrell Brandon
0%

Score Distribution

Percentile by Number Answered

Percent of People with Each Score

Your Score History

You have not taken this quiz